Bankruptcy and arrangement proceedings : (April 1956) /

Bibliographic Details
Main Author: Mulder, John E., 1904-1966
Other Authors: Foreman, Leon S., 1915-
Format: Book
Language:English
Published: Philadelphia : Committee on Continuing Legal Education, [1956]
Subjects:

MARC

Tag First Indicator Second Indicator Subfields
LEADER 00000cam a2200000 4500
001 in00000202829
005 20151009065348.0
008 750807s1956 pau 00010 eng
010 |a  56002901  
035 |a (OCoLC)01520607 
035 |9 AAY3885AM 
040 |c FUB  |d TXA  |d UtOrBLW 
049 |a TXAM  |c [266121] 
082 0 |a 332.75 
090 |a KF1524  |b .M8 1956 
100 1 |a Mulder, John E.,  |d 1904-1966. 
245 1 0 |a Bankruptcy and arrangement proceedings :  |b (April 1956) /  |c by John E. Mulder and Leon S. Forman. 
264 1 |a Philadelphia :  |b Committee on Continuing Legal Education,  |c [1956] 
300 |a 168 pages ;  |c 23 cm. 
336 |a text  |b txt  |2 rdacontent 
337 |a unmediated  |b n  |2 rdamedia 
338 |a volume  |b nc  |2 rdacarrier 
650 0 |a Bankruptcy  |z United States. 
700 1 |a Foreman, Leon S.,  |d 1915- 
999 |a MARS 
999 f f |s c76e9fb8-f002-347f-9e56-100a197caa63  |i 427e4199-e40b-3f3b-8810-998d699e4a25  |t 0 
952 f f |p ric  |a Texas A&M University  |b Rellis Campus  |c Joint Library Facility  |d Remote Storage  |t 0  |e KF1524 .M8 1956  |h Library of Congress classification  |i unmediated -- volume  |m A14803169452 
998 f f |a KF1524 .M8 1956  |t 0  |l Remote Storage